[Event "Almansa 2014 - Torneo B"]
[Site "Almansa ESP"]
[Date "2014.08.09"]
[Round "8.3"]
[White "Nadal Fajardo, Ricard"]
[Black "Idiazabal Troyas, Aritz"]
[Result "1/2-1/2"]
[WhiteElo "1941"]
[BlackElo "1979"]
[PlyCount "133"]
[EventDate "2014.08.05"]
[EventType "swiss"]
[EventRounds "9"]
[EventCountry "ESP"]
[Source "lmi"]
[SourceDate "2014.08.05"]

1. e4 c5 2. Nf3 Nc6 3. d4 cxd4 4. Nxd4 g6 5. c4 Bg7 6. Be3 Nf6 7. Nc3 O-O 8.
Be2 d6 9. O-O Bd7 10. Rc1 Rc8 11. b3 a6 12. Qd2 Ng4 13. Bxg4 Bxg4 14. f3 Bd7
15. Nxc6 Bxc6 16. Bd4 b5 17. Bxg7 Kxg7 18. Ne2 bxc4 19. Rxc4 Bb5 20. Rxc8 Qb6+
21. Qd4+ Qxd4+ 22. Nxd4 Rxc8 23. Nxb5 axb5 24. a4 Kf6 25. a5 b4 26. Rd1 Ra8 27.
Rd5 Ke6 28. Rb5 f5 29. Kf2 fxe4 30. fxe4 Kd7 31. Rxb4 Rxa5 32. Rb7+ Ke6 33. Kf3
h5 34. h4 Ra1 35. Rb5 Rf1+ 36. Ke3 Re1+ 37. Kf3 Rb1 38. Rb7 Rf1+ 39. Ke3 Rg1
40. Kf3 Rf1+ 41. Ke3 Rh1 42. g3 Re1+ 43. Kf3 Rc1 44. Rb5 Kf6 45. Ke3 Rc3+ 46.
Kf2 Rc2+ 47. Ke3 Rc3+ 48. Kf2 Rc5 49. Rxc5 dxc5 50. Ke2 Ke5 51. Kd3 Kd6 52. Kc4
Kc6 53. b4 cxb4 54. Kxb4 Kd6 55. Kc4 Ke5 56. Kd3 Kf6 57. Ke3 Ke5 58. Kd3 Kf6
59. Ke3 g5 60. Kf3 g4+ 61. Kf4 e5+ 62. Ke3 Ke6 63. Kd3 Kd6 64. Kc4 Kc6 65. Kb4
Kb6 66. Kc4 Kc6 67. Kb4 1/2-1/2

[Event "Almansa 2014 - Torneo B"]
[Site "Almansa ESP"]
[Date "2014.08.09"]
[Round "8.4"]
[White "Lozano Osorio, Isaac"]
[Black "Moreno Brocalero, Jorge"]
[Result "1-0"]
[WhiteElo "1767"]
[BlackElo "1960"]
[PlyCount "69"]
[EventDate "2014.08.05"]
[EventType "swiss"]
[EventRounds "9"]
[EventCountry "ESP"]
[Source "lmi"]
[SourceDate "2014.08.05"]

1. d4 e6 2. Nf3 d5 3. e3 Nf6 4. Bd3 b6 5. O-O Bb7 6. b3 Nbd7 7. Bb2 Bd6 8. c4
c5 9. Nc3 a6 10. Qe2 Qc7 11. cxd5 exd5 12. e4 dxe4 13. Nxe4 Nxe4 14. Bxe4 O-O
15. Ng5 Bxe4 16. Qxe4 Nf6 17. Qh4 h6 18. dxc5 Bxh2+ 19. Qxh2 Qxh2+ 20. Kxh2
hxg5 21. cxb6 Rab8 22. Bd4 Rfd8 23. Rfd1 Rd6 24. Bc5 Rc6 25. b4 Ne4 26. Rac1
Rbc8 27. f3 Nf6 28. a4 Kh7 29. Be3 Rxc1 30. Rxc1 Rb8 31. a5 Nd5 32. Bxg5 Nxb4
33. Bf4 Rh8 34. b7 Nd3 35. Rc8 1-0

[Event "Almansa 2014 - Torneo B"]
[Site "Almansa ESP"]
[Date "2014.08.09"]
[Round "8.5"]
[White "Piqueras Guardiola, Francisco"]
[Black "Boj Marques, Javier"]
[Result "1/2-1/2"]
[WhiteElo "1830"]
[BlackElo "1950"]
[PlyCount "102"]
[EventDate "2014.08.05"]
[EventType "swiss"]
[EventRounds "9"]
[EventCountry "ESP"]
[Source "lmi"]
[SourceDate "2014.08.05"]

1. d4 e6 2. c4 Bb4+ 3. Nc3 c5 4. Nf3 d6 5. a3 Bxc3+ 6. bxc3 Nd7 7. e4 e5 8. Be3
Ngf6 9. Bd3 O-O 10. O-O Re8 11. d5 Nf8 12. Nd2 Ng6 13. f3 Nh5 14. Re1 Bd7 15.
g3 Nf6 16. Bf1 Qc8 17. Nb3 Ba4 18. Qb1 Qc7 19. Nc1 Rf8 20. Nd3 Rae8 21. Bh3 Bd7
22. Bxd7 Nxd7 23. Qb5 f6 24. Reb1 Rb8 25. a4 Nh8 26. a5 Nf7 27. Ne1 Nd8 28. Nc2
f5 29. exf5 Rxf5 30. Kg2 a6 31. Qa4 h6 32. Ne1 Nf7 33. Qc2 Rf6 34. Nd3 Re8 35.
Nf2 Nd8 36. Ng4 e4 37. Nxf6+ Nxf6 38. Rf1 Qf7 39. fxe4 Qg6 40. Rf4 Nf7 41. Raf1
Ne5 42. Qe2 Neg4 43. Bg1 Ne5 44. Re1 Re7 45. Rff1 Qe8 46. Be3 Nf7 47. Bf4 Qa4
48. Qd3 Qxa5 49. Bxd6 Nxd6 50. e5 Qa2+ 51. Kh1 Ng4 1/2-1/2

[Event "Almansa 2014 - Torneo B"]
[Site "Almansa ESP"]
[Date "2014.08.09"]
[Round "8.6"]
[White "De La Calle Fuentes, Sergio"]
[Black "Perez Garcia, Jose Miguel"]
[Result "0-1"]
[WhiteElo "1716"]
[BlackElo "1937"]
[PlyCount "144"]
[EventDate "2014.08.05"]
[EventType "swiss"]
[EventRounds "9"]
[EventCountry "ESP"]
[Source "lmi"]
[SourceDate "2014.08.05"]

1. f4 Nf6 2. Nf3 g6 3. d3 Bg7 4. e4 d6 5. g3 O-O 6. Bg2 c5 7. O-O Nc6 8. Nc3
Rb8 9. Rb1 Ne8 10. Bd2 Nc7 11. h3 Ne6 12. Ne2 Ned4 13. c3 Nxf3+ 14. Rxf3 Bd7
15. g4 b5 16. Ng3 b4 17. Qc1 Qb6 18. Kh2 bxc3 19. Bxc3 Nd4 20. Rf2 Qa6 21. a3
Bb5 22. Bf1 Bxd3 23. Bxd3 Qxd3 24. Qd1 Qxd1 25. Rxd1 Rb3 26. Ne2 Nxe2 27. Bxg7
Kxg7 28. Rxe2 Rfb8 29. Rdd2 Rf3 30. Rf2 Rbb3 31. Rxf3 Rxf3 32. e5 dxe5 33. fxe5
Re3 34. Rd7 Rxe5 35. Rxa7 Re2+ 36. Kg1 Rxb2 37. Rxe7 Rb3 38. Rc7 Rxh3 39. Rxc5
Rxa3 40. Kg2 h6 41. Kf2 g5 42. Rc7 Kg6 43. Rc6+ Kg7 44. Rc7 Ra2+ 45. Kg3 Ra6
46. Rd7 Kg6 47. Rd8 Re6 48. Rh8 Kg7 49. Rd8 Kf6 50. Rd5 Kg6 51. Rd8 Re3+ 52.
Kf2 Re4 53. Kg3 Rf4 54. Rd5 Rf6 55. Rd8 Rf4 56. Rg8+ Kh7 57. Ra8 Kg7 58. Ra7
Rf1 59. Rb7 Rg1+ 60. Kf3 Kg6 61. Rb4 h5 62. Rb6+ f6 63. gxh5+ Kxh5 64. Kf2 Ra1
65. Rxf6 Kg4 66. Rb6 Ra2+ 67. Kg1 Kg3 68. Rb3+ Kh4 69. Rb4+ g4 70. Rc4 Kh3 71.
Rc7 Ra1+ 72. Kf2 g3+ 0-1

[Event "Almansa 2014 - Torneo B"]
[Site "Almansa ESP"]
[Date "2014.08.09"]
[Round "8.7"]
[White "Munoz Galdos, Carlos"]
[Black "Lopez Perez, Alberto Jose"]
[Result "0-1"]
[WhiteElo "1748"]
[BlackElo "1878"]
[PlyCount "55"]
[EventDate "2014.08.05"]
[EventType "swiss"]
[EventRounds "9"]
[EventCountry "ESP"]
[Source "lmi"]
[SourceDate "2014.08.05"]

1. f4 e5 2. fxe5 d6 3. exd6 Bxd6 4. Nf3 g5 5. g3 g4 6. Nh4 Ne7 7. e4 Ng6 8. Nf5
Bxf5 9. exf5 Ne5 10. Bg2 Nbc6 11. d4 Nf3+ 12. Bxf3 gxf3 13. O-O Qf6 14. c3 h5
15. Qxf3 h4 16. g4 O-O-O 17. h3 Bg3 18. Nd2 Rhe8 19. Ne4 Nxd4 20. cxd4 Qxd4+
21. Nf2 Rd5 22. Kg2 Rde5 23. Bg5 Re2 24. Rad1 Qxb2 25. Bf4 Bxf2 26. Kh1 Bg3 27.
Qd5 Rh2+ 28. Kg1 0-1

[Event "Almansa 2014 - Torneo B"]
[Site "Almansa ESP"]
[Date "2014.08.09"]
[Round "8.8"]
[White "Ortin Blanco, Ainhoa"]
[Black "Medina Cordero, Angel"]
[Result "0-1"]
[WhiteElo "1653"]
[BlackElo "1862"]
[PlyCount "81"]
[EventDate "2014.08.05"]
[EventType "swiss"]
[EventRounds "9"]
[EventCountry "ESP"]
[Source "lmi"]
[SourceDate "2014.08.05"]

1. d4 e6 2. c4 f5 3. Nc3 Nf6 4. Qc2 d5 5. e3 c6 6. f3 Na6 7. Bd3 Nb4 8. Qd1
Nxd3+ 9. Qxd3 Be7 10. Nge2 a6 11. c5 b5 12. cxb6 Qxb6 13. O-O a5 14. Qc2 Qc7
15. Na4 O-O 16. Bd2 Bd6 17. Rac1 Ra6 18. Nc5 Ra7 19. Nf4 Re8 20. Na4 Ba6 21.
Rfe1 g5 22. Nxe6 Rxe6 23. Qxf5 Bc8 24. Qxg5+ Qg7 25. Qxg7+ Kxg7 26. Kh1 Bb8 27.
Rc5 Nd7 28. Rxa5 Rxa5 29. Bxa5 Rh6 30. f4 Nf6 31. Nc3 Bf5 32. Bd8 Ng4 33. h3
Nf2+ 34. Kg1 Nd3 35. Re2 Rg6 36. g4 h5 37. g5 Bxh3 38. Bf6+ Kf7 39. Kh2 Bg4 40.
Rc2 h4 41. Na4 0-1

[Event "Almansa 2014 - Torneo B"]
[Site "Almansa ESP"]
[Date "2014.08.09"]
[Round "8.9"]
[White "Barbazan Bilbao, Xabier"]
[Black "Molla Gil, Pablo"]
[Result "1-0"]
[WhiteElo "1855"]
[BlackElo "1789"]
[PlyCount "48"]
[EventDate "2014.08.05"]
[EventType "swiss"]
[EventRounds "9"]
[EventCountry "ESP"]
[Source "lmi"]
[SourceDate "2014.08.05"]

1. g3 d5 2. Nf3 Nf6 3. c4 c6 4. b3 g6 5. Bb2 Bg7 6. Bg2 O-O 7. O-O Qb6 8. Qc2
Na6 9. d3 dxc4 10. bxc4 Bf5 11. Nbd2 Rfd8 12. Bc3 Qc7 13. Rab1 Qc8 14. Rb2 Nc5
15. e4 Nxd3 16. exf5 Nxb2 17. Qxb2 gxf5 18. Re1 Qc7 19. Nb3 b6 20. Bh3 Ne8 21.
Bxf5 Bxc3 22. Qxc3 Nf6 23. Rxe7 Qxe7 24. Bh3 Re8 1-0

[Event "Almansa 2014 - Torneo B"]
[Site "Almansa ESP"]
[Date "2014.08.09"]
[Round "8.29"]
[White "Perez Garcia, Juan Angel"]
[Black "Diaz Rodriguez, Jose Antonio"]
[Result "1-0"]
[WhiteElo "1881"]
[BlackElo "1989"]
[PlyCount "74"]
[EventDate "2014.08.05"]
[EventType "swiss"]
[EventRounds "9"]
[EventCountry "ESP"]
[Source "lmi"]
[SourceDate "2014.08.05"]

1. d4 Nf6 2. Nf3 d6 3. Nc3 Nbd7 4. e4 c6 5. e5 Nd5 6. Nxd5 cxd5 7. exd6 e6 8.
Bf4 Qb6 9. Bd3 Bxd6 10. Be5 Bxe5 11. dxe5 Qxb2 12. O-O Nxe5 13. Nxe5 Qxe5 14.
Bb5+ Ke7 15. Re1 Qd6 16. Qh5 Bd7 17. Bxd7 Qxd7 18. Qg5+ Kf8 19. c4 f6 20. Qg4
f5 21. Qd4 Kf7 22. cxd5 Qxd5 23. Qa4 b5 24. Qa6 Rhd8 25. Rac1 Rd7 26. h3 Re8
27. Rc6 Ree7 28. Rec1 b4 29. R6c5 Qd3 30. Qa5 Rb7 31. R1c4 b3 32. axb3 Rxb3 33.
Rc7 Rb1+ 34. Kh2 Qd6+ 35. g3 Rb7 36. R7c6 Qd5 37. R4c5 Rb1 1-0

[Event "Almansa 2014 - Torneo B"]
[Site "Almansa ESP"]
[Date "2014.08.10"]
[Round "9.13"]
[White "Perez Garcia, Juan Angel"]
[Black "Alvarez Morales, Miguel"]
[Result "0-1"]
[WhiteElo "1881"]
[BlackElo "1979"]
[PlyCount "66"]
[EventDate "2014.08.05"]
[EventType "swiss"]
[EventRounds "9"]
[EventCountry "ESP"]
[Source "lmi"]
[SourceDate "2014.08.05"]

1. d4 Nf6 2. Nf3 e6 3. c4 c5 4. g3 a6 5. Nc3 cxd4 6. Nxd4 Qc7 7. Qd3 d6 8. Bg2
Nbd7 9. b3 Be7 10. O-O O-O 11. Bb2 Rd8 12. e4 b6 13. Rac1 Bb7 14. Rfd1 Rac8 15.
Qe2 Qb8 16. h3 Bf8 17. Rf1 Qa8 18. Rce1 g6 19. f4 e5 20. Nf3 Nh5 21. Qf2 Nc5
22. Re3 Bh6 23. Nd5 Bxd5 24. exd5 exf4 25. Nh4 Re8 26. Rxe8+ Rxe8 27. g4 Ng3
28. Rd1 Qd8 29. Nf3 Re3 30. Nd4 Qe8 31. Bf3 Nd3 32. Qc2 Re1+ 33. Kg2 Rxd1 0-1

[Event "Almansa 2014 - Torneo B"]
[Site "Almansa ESP"]
[Date "2014.08.10"]
[Round "9.15"]
[White "Perez Garcia, Jose Miguel"]
[Black "Barbazan Bilbao, Xabier"]
[Result "0-1"]
[WhiteElo "1937"]
[BlackElo "1855"]
[PlyCount "96"]
[EventDate "2014.08.05"]
[EventType "swiss"]
[EventRounds "9"]
[EventCountry "ESP"]
[Source "lmi"]
[SourceDate "2014.08.05"]

1. Nf3 Nf6 2. c4 g6 3. Nc3 Bg7 4. e4 d6 5. d4 O-O 6. Be2 Bg4 7. Be3 Nfd7 8. Ng1
Bxe2 9. Ngxe2 e5 10. f3 Bh6 11. Qd2 Bxe3 12. Qxe3 Nc6 13. O-O f5 14. dxe5 Ncxe5
15. b3 Nc5 16. Rad1 Qh4 17. exf5 Rxf5 18. Rd4 Qe7 19. Nd5 Qg7 20. b4 Ne6 21.
Rh4 g5 22. Ng3 Rxf3 23. gxf3 gxh4 24. f4 hxg3 25. hxg3 Rf8 26. fxe5 Rxf1+ 27.
Kxf1 Qxe5 28. Ke2 c6 29. Qxe5 dxe5 30. Nf6+ Kf7 31. Nd7 Kg6 32. Nxe5+ Kf5 33.
Nd7 h6 34. Ke3 Kg4 35. Ke4 Kxg3 36. Nf6 Nf4 37. b5 c5 38. Ke5 b6 39. Kd6 Nd3
40. a3 Nb2 41. Kd5 Kf4 42. Nh5+ Kg5 43. Ng3 Kg4 44. Ne4 h5 45. Nf6+ Kg5 46.
Ne4+ Kf4 47. Nf6 h4 48. Nh5+ Kf3 0-1

[Event "Almansa 2014 - Torneo B"]
[Site "Almansa ESP"]
[Date "2014.08.10"]
[Round "9.16"]
[White "Lopez Perez, Alberto Jose"]
[Black "Lozano Osorio, Isaac"]
[Result "1/2-1/2"]
[WhiteElo "1878"]
[BlackElo "1767"]
[PlyCount "87"]
[EventDate "2014.08.05"]
[EventType "swiss"]
[EventRounds "9"]
[EventCountry "ESP"]
[Source "lmi"]
[SourceDate "2014.08.05"]

1. e4 c6 2. Ne2 d5 3. e5 Bf5 4. Ng3 Bg6 5. h4 h6 6. h5 Bh7 7. e6 fxe6 8. d4 Nf6
9. Bd3 Qd6 10. Bxh7 Nxh7 11. f4 Nd7 12. Nc3 O-O-O 13. Qe2 Nhf6 14. Bd2 Rg8 15.
O-O-O g6 16. Rde1 gxh5 17. Nxh5 Nxh5 18. Qxh5 Rxg2 19. Qf7 Rg7 20. Qxe6 Qxe6
21. Rxe6 Nf6 22. f5 Rh7 23. Bf4 Kd7 24. Rhe1 Re8 25. b4 b5 26. a4 a6 27. Kb2
Bg7 28. axb5 cxb5 29. Rxa6 Ne4 30. Ra7+ Kd8 31. Nxb5 e5 32. Bxe5 Rxe5 33. Ra8+
Kd7 34. dxe5 Bxe5+ 35. c3 Kc6 36. Nd4+ Bxd4 37. cxd4 Rf7 38. Rf1 Kb5 39. Rh8
Kxb4 40. Rxh6 Kc4 41. f6 Kxd4 42. Rh4 Ke5 43. Rh5+ Ke6 44. Rhf5 1/2-1/2

[Event "Almansa 2014 - Torneo B"]
[Site "Almansa ESP"]
[Date "2014.08.10"]
[Round "9.17"]
[White "Perez Beltran, Jose Maria"]
[Black "Cebrian Flores, Juan Antonio"]
[Result "1/2-1/2"]
[WhiteElo "1697"]
[BlackElo "1995"]
[PlyCount "84"]
[EventDate "2014.08.05"]
[EventType "swiss"]
[EventRounds "9"]
[EventCountry "ESP"]
[Source "lmi"]
[SourceDate "2014.08.05"]

1. e4 g6 2. d4 Bg7 3. c4 d6 4. f4 Nf6 5. Nc3 O-O 6. Be2 c5 7. d5 e6 8. Nf3 exd5
9. exd5 Re8 10. O-O Bf5 11. Bd3 Qd7 12. Qc2 Bxd3 13. Qxd3 Na6 14. a3 Nc7 15.
Bd2 a6 16. Rae1 b5 17. b3 Rab8 18. Rxe8+ Rxe8 19. Re1 Rxe1+ 20. Nxe1 Ng4 21.
Nf3 Nh6 22. Ne4 Ne8 23. Bc3 bxc4 24. bxc4 Nf5 25. Bxg7 Kxg7 26. h3 Qe7 27. g4
Nh4 28. Nxh4 Qxh4 29. Qc3+ Kg8 30. Kg2 f5 31. Nf2 Qe7 32. Kf3 Ng7 33. g5 Qc7
34. Nd1 Qb8 35. Qc2 Qe8 36. Ne3 Nh5 37. Ng2 Qd8 38. Qb2 Qe8 39. Qc2 a5 40. Qb1
Qe7 41. Qe1 Kf7 42. Qxe7+ Kxe7 1/2-1/2